000 00462nam a2200181Ia 4500
008 240925s9999 xx 000 0 und d
020 _a8176357561
082 _a658.404 FRA
100 _aDavid , Francis
245 0 _aExam Cram 2 PMP practice Questions with CD rom
250 _aNA
260 _aNew Delhi:
_bTechmedia
_c,2005.
300 _a460p.
_bNA
_fOriginal
500 _aIncludes Index
600 _aManagement
650 _aManagement
942 _cBK
999 _c9260
_d9260